Píšeme rôznymi perami o sexe

Bibliographic Details
Main Author: Csontosová, Zuzana, 1976- (Author)
Format: Article
Language:Slovak
PhysicalDescription:Fotogr.
ISSN:1335-0919
Subjects:

MARC

LEADER 00000nab a2200000 ar4500
001 vtls010556649
003 SK-MaSNL
005 20260303165716.0
008 131107c2013 xo mr|p||| |000 b|slo
015 |a SNBRB2013/11 
038 |a SPK 
040 |a SPKCL  |b slo  |c AACR2  |e AACR2 
041 0 |a slo 
044 |a xo  |c SK 
072 7 |a 613  |x Hygiena. Ľudské zdravie  |2 konspekt 
072 7 |a 316.4/.7  |x Sociálne interakcie  |2 konspekt 
080 |a 613.88  |2 2001 
080 |a 316.64  |2 2001 
100 1 |a Csontosová, Zuzana,  |d 1976-  |4 aut  |9 158748 
245 1 0 |a Píšeme rôznymi perami o sexe  |c Zuzana Csontosová 
300 |b Fotogr. 
650 0 7 |a sexuálne správanie  |2 snkbucl  |9 71363 
650 0 7 |a antikoncepcia  |2 snkbucl  |9 2485 
650 0 7 |a sexuálna výchova  |2 snkbucl  |9 2589 
650 0 7 |a názory a postoje  |2 snkbucl  |9 4303 
773 0 |t Dieťa  |g Roč. XIX, č. 11 (2013), s. [62]-64  |x 1335-0919 
852 |a SPK  |b KIS3GCP 
856 4 1 |a www.dieta.sk 
999 |c 2073313  |d 2075243